Регионална библиотека "Любен Каравелов" - Русе

Амбулаторна педиатрия (Запис номер 9686)

MARC детайли
000 -Лидер
Контролно поле с фиксирана дължина 01514nam a2200349 c 4500
003 - Код на организацията, давaща контролен номер
Контролно поле BLK
005 - Дата и час на последна редакция
Контролно поле 20230116161315.0
008 - Елементи от данни с фиксирана дължина
fixed length control field 180412b bul|||||r ||||||| ||bul||
010 ## - Наследен системен номер
LC control number KNG00011116000
020 ## - Международен стандартен номер на книга ISBN
Международен стандартен номер на книга ISBN 954-420-196-3
-- издат.: Медицина и физкултура
040 ## - Източник на каталожния запис
Идентификатор на билиотеката - собственик на записа BLK
041 ## - Код за език
Код за езика на текст/звукозапис или на отделно заглавие Български
Код за езика КДБФ Български
080 ## - УДК
Текстов определител УДК Педиатрия. Детски болести. Вж и 613.22 ; 613.95
УДК код - определител по УДК 616-053.2
УДК определител (035)
УДК - код + определител 616-053.2(035)
100 1# - Редна дума - Автор
Автор Мумджиев, Никола Христов
Авторска отговорност първи автор
R(LIN) 254708
139 ## - Редно поле
Редна дума Мумджиев, Никола Христов
Авторски знак Му - М 95
245 10 - Сведения за заглавието
Заглавие Амбулаторна педиатрия
Редно поле (дума) Никола Христов Мумджиев.
257 ## - Страна на издаване
Страна на създаване/издаване България
260 ## - Област на издателските данни
-- София
Име на издателя, разпространителя и проч. Медицина и физкултура
Година на издаване 1995
300 ## - Физическа характеристика
Страници 332 с.
Илюстрации и др. с табл., сх., диагр.
Размери/Мащаб 22 см
380 ## - Жанр
Жанр Медицина
500 ## - Общи забележки
Забележка Офс. изд. - 1 542 тир. - Библиогр. след отд. гл. ; Предм. показалец.
650 #4 - Допълнително описание по предмет – тема
Основно описание – тема или топоним Педиатрия - наръчници и ръководства
9 (RLIN) 245044
650 #4 - Допълнително описание по предмет – тема
Основно описание – тема или топоним Детски болести - диагностика и лечение - наръчници и ръководства
9 (RLIN) 245045
653 ## - Ключова дума – ненормативна
Ключова дума педиатрия
653 ## - Ключова дума – ненормативна
Ключова дума наръчници
653 ## - Ключова дума – ненормативна
Ключова дума ръководства
852 ## - Местоположение
Форматна сигнатура Цб 185849
856 4# - Електронен адрес и достъп
Електронен формат pdf - файл
Път до файла /url/
856 4# - Електронен адрес и достъп
Електронен формат pdf - файл
Път до файла /url/
942 ## - АРТИКУЛИ
Вид на библиотечния материал Книги
Скрит в OPAC Не
Koha issues (borrowed), all copies 4
944 ## - СЪЗДАВАНЕ И РЕДАКЦИЯ на ЗАПИСА
Създаване/Редакция Създаване
Дата на регистрацията/редакция 15.01.2003
Статус, дата на статуса ф /
Служител, извършил регистрацията/редакцията Людмила_Стоянова
944 ## - СЪЗДАВАНЕ И РЕДАКЦИЯ на ЗАПИСА
Създаване/Редакция Редакция
Дата на регистрацията/редакция 17.08.2011
Статус, дата на статуса ф /
Служител, извършил регистрацията/редакцията
999 ## - СИСТЕМНИ КОНТРОЛНИ НОМЕРА
Koha biblionumber 9686
Koha biblioitemnumber 9686
Наличности
Код за отписване Код за изгубен артикул Източник на класификационната схема Код за повреда Коз за рестрикции Код за отдаване Артикулен № Име на библиотеката - собственик Име на библиотеката, в която се намира в момента Статус (Текущо местоположение) Дата на вписване в системата Местоположение - отдел Цена в лева Инвентарен номер Систематично азбучна сигнатура Баркод Номер на екземпляра Цена в евро Служебна бележка Служебен тип на артикула
Изтеглен Не е изгубен Universal Decimal Classification Не е повреден без рестрикции заемане за дома 16783 Регионална библиотека "Любен Каравелов" Русе Регионална библиотека "Любен Каравелов" Русе Заемна - подръчен фонд 2001-01-01 Заемна - подръчен фонд 3.06 620276 П 616-053.2/М 95 620276 1 1.56 Дост: Pk Вид: Ф N: стар фонд Дата: 01.01.1995 Книги
  Не е изгубен Universal Decimal Classification Не е повреден без рестрикции ползва се в читалня 16784 Регионална библиотека "Любен Каравелов" Русе Регионална библиотека "Любен Каравелов" Русе Читалня 2001-01-01 Читалня 2.04 620277 Ч 616-053.2/М 95 120000620277 2 1.04 Дост: Pk Вид: Ф N: стар фонд Дата: 01.01.1995 Дата инв: 20.03.2017 Бележки инв: Ч2017 Книги
  Не е изгубен Universal Decimal Classification Не е повреден без рестрикции ползва се в читалня 16785 Регионална библиотека "Любен Каравелов" Русе Регионална библиотека "Любен Каравелов" Русе Хранилище 2001-01-01 Хранилище 0.00 620351 Цб 185849 120000620351 3 0.00 Дост: Dp Вид: Д N: стар фонд Дата: 01.01.1995 Книги
  Не е изгубен   Не е повреден без рестрикции заемане за дома 16786 Регионална библиотека "Любен Каравелов" Русе Регионална библиотека "Любен Каравелов" Русе Заемна - подръчен фонд 2011-06-29 Заемна - подръчен фонд 10.00 120000751625 П 616-053.2/М 95 120000751625 4 5.11 Дост: DA Вид: А N: 10 Дата: 29.06.2011 Дата инв: 02.02.2018 Бележки инв: П2018 Книги
Vip Innovations Ltd, Rousse, Bulgaria 2025